00000000nam##2200000za#4500
0019.599832
003CaOODSP
00520210624205253
007cr |||||||||||
008150406|1997||||xxc|||||o    f|0| 0 fre|d
040 |aCaOODSP|bfre
043 |an-cn---
0861 |aBT31-4/26-1997F-PDF
1101 |aCanada. |bConseil du trésor.
24510|aSecrétariat des conférences intergouvernementales canadiennes, rapport sur le rendement pour la période se terminant le 31 mars 1997 |h[ressource électronique]
2463 |aPrésentation améliorée des rapports au Parlement - document pilote
260 |aOttawa - Ontario : |bSecrétariat du Conseil du Trésor du Canada |c[1997].
300 |a23p.|bgraphiques, organigramme, tableaux
4901 |aRapport sur le rendement pour la période se terminant le 31 mars 1997 |vPour la période se terminant le 31 mars 1997
500 |aLe n° de catalogue (BT31-4/26-1997) et l’ISBN (0-660-60312-8) de l'édition imprimée bilingue ont été incorrectement copiés dans cette édition électronique.
590 |a11-01-Supp|b2011-01-11
77508|tCanadian Intergovernmental Conference Secretariat, performance report for the period ending March 31, 1997 |w(CaOODSP)9.568558
7760#|tSecrétariat des conférences intergouvernementales canadiennes|w(CaOODSP)9.529521
7760#|tCanadian Intergovernmental Conference Secretariat|w(CaOODSP)9.529520
830#0|aRapport sur le rendement pour la période se terminant le 31 mars 1997 ;|vPour la période se terminant le 31 mars 1997|w(CaOODSP)9.502645
85640|ahttp://publications.gc.ca|qPDF|s259 Ko|uhttps://publications.gc.ca/collections/Collection/BT31-4-26-1997F.pdf|yPour la période se terminant le 31 mars 1997